000 00675nam a2200217 4500
001 107083
003 ES-MaACL
005 20230906184338.0
007 t|
008 061121s1943 sp r ||||1| spa d
100 1 _aMorgan, Charles.
_983510
245 1 3 _aLa estancia vacía
_b: Novela /
_cCharles Morgan; traducción de Simón Santainés.
250 _a1ª. ed.
260 _aBarcelona :
_bLa pléyade,
_c1943.
300 _a176 p. :
_bil. ;
_c18 cm.
490 1 _aNovelistas ingleses ;
_vV. 4º.
700 1 _aSantainés, Simón.
_9103261
830 0 _aNovelistas ingleses ;
_vV. 4º.
_9232877
852 _aES-MaACL
_jB-12926
_bR.28658
999 _c107083
_d107083